| 000 | 01146cam a2200313 i 4500 | ||
|---|---|---|---|
| 001 | 7531 | ||
| 003 | KOSZ 005 | ||
| 005 | 20210317124747.0 | ||
| 008 | 071122s1971 pl a f f |000 0 pol | ||
| 015 | _aPB 1971/2734 | ||
| 040 |
_aWA N _cKOSZ 005/HR _dKOSZ 005/HR |
||
| 080 | _a621.38 | ||
| 080 | _a(075.8) | ||
| 245 | 0 | 0 |
_aLaboratorium przyrządów półprzewodnikowych : _bdla studentów Wydziału Elektroniki : praca zbiorowa / _cpod kier. Alfreda Świta ; aut. Zbigniew Buchwald [et al.]. |
| 260 |
_aWarszawa : _bWydawnictwa Politechniki Warszawskiej, _c1971. |
||
| 300 |
_a169 s. : _bil. ; _c23 cm. |
||
| 380 | _aKsiążki | ||
| 388 | _a1901-2000 | ||
| 388 | _a1945-1989 | ||
| 650 | 4 | _aPółprzewodniki | |
| 650 | 4 | _aUrządzenia | |
| 655 | 4 | _aPodręczniki akademickie | |
| 658 | _aInżynieria i technika | ||
| 700 | 1 |
_aŚwit, Alfred _d(1928-1999) _eRedakcja |
|
| 700 | 1 |
_aBuchwald, Zbigniew _eAutor |
|
| 710 | 2 |
_aWydawnictwa Politechniki Warszawskiej _4pbl. |
|
| 856 |
_uhttp://koha.tu.koszalin.pl/cgi-bin/koha/opac-detail.pl?biblionumber=7531 _yKatalog online BPK |
||
| 942 |
_2UKD _cKS |
||
| 999 |
_c7531 _d7531 |
||